000
00288nam a2200097Ia 4500
082
_a
J 822.33 LEVI
245
0
_a
Love, power and revenge : two stories from Shakespeare
100
_a
LEVIN, Nicole Cape Town, 2009
_9
84636
942
_c
BK
008
210817s9999 xx 000 0 und d
999
_c
311025
_d
311024